Normal view
MARC view
- مصادر الطاقة -اليورانيوم
Entry Topical Term
001 - CONTROL NUMBER
- control field: 40062
003 - CONTROL NUMBER IDENTIFIER
- control field: JO-AjAnu
005 - DATE AND TIME OF LATEST TRANSACTION
- control field: 20230606080646.0
008 - FIXED-LENGTH DATA ELEMENTS
- fixed length control field: 230606|| aca||aabn | a|a d
040 ## - CATALOGING SOURCE
- Original cataloging agency: JO-AjAnu
- Transcribing agency: JO-AjAnu
150 ## - HEADING--TOPICAL TERM
- Topical term or geographic name entry element: مصادر الطاقة -اليورانيوم
670 ## - SOURCE DATA FOUND
- Source citation: Work cat.: (JO-AjAnu)20538: عطية، ممدوح حامد؛ تقديم جلال عبدالفتاح, author 40061, البرنامج النووي الاسرائيلي والامن القومي العربي